Marketingové stratégie cielené na detského spotrebiteľa diplomová práca

Uložené v:
Podrobná bibliografia
Hlavný autor: Krescanková, Michaela
Korporativný autor: Obchodná fakulta EU. Katedra marketingu
Ďalší autori: Lesáková, Dagmar, 1949-
Médium: Kniha
Jazyk:Slovak
Vydavateľské údaje: Bratislava 2012
Tagy: Pridať tag
Žiadne tagy, Buďte prvý, kto otaguje tento záznam!

MARC

LEADER 00000nbm a2200000 4500
001 0158797
005 20161109102209.3
041 0 |a slo 
044 |a SK 
245 1 0 |a Marketingové stratégie cielené na detského spotrebiteľa  |b diplomová práca  |c Michaela Krescanková ; školiteľ: Dagmar Lesáková 
264 1 |a Bratislava  |c 2012 
300 |a 81 s. 
100 1 |a Krescanková, Michaela 
700 1 |a Lesáková, Dagmar, 1949- 
710 2 |a Obchodná fakulta EU. Katedra marketingu